[Event "NB II. Breyer csoport"]
[Site "Naszaly"]
[Date "2024.05.12"]
[Round "9.7"]
[White "Fehervari, Istvan"]
[Black "Kossela, Peter"]
[Result "1/2-1/2"]
[WhiteElo "1950"]
[BlackElo "1955"]
[PlyCount "81"]
[EventDate "2023.10.08"]
[EventType "team-tourn"]
[EventRounds "9"]
[EventCountry "HUN"]
[Source "chess.hu"]
[WhiteTeam "Fehervar SE"]
[BlackTeam "Geniusz Tata-Naszaly"]
[WhiteTeamCountry "HUN"]
[BlackTeamCountry "HUN"]

1. d4 Nf6 2. Nf3 d5 3. e3 e6 4. Bd3 c5 5. b3 cxd4 6. exd4 Bd6 7. Bb2 O-O 8. O-O
Nc6 9. a3 Ne7 10. Nbd2 Ng6 11. g3 b6 12. Qe2 Bb7 13. Ne5 Re8 14. Bb5 Re7 15.
Ba6 Rc8 16. Rac1 Bxa6 17. Qxa6 Rec7 18. Qd3 Qe7 19. b4 a5 20. b5 Bxe5 21. dxe5
Nd7 22. Nf3 Nc5 23. Qd4 Qd7 24. a4 Ne7 25. g4 Nxa4 26. Qxa4 Rc4 27. Qb3 Rb4 28.
Qa3 Rxg4+ 29. Kh1 Nf5 30. Qd3 Rcc4 31. h3 Rg6 32. Bd4 Qc7 33. c3 Nxd4 34. Nxd4
Qxe5 35. Rce1 Qh5 36. Re3 h6 37. Rg1 Rf6 38. Rg2 Ra4 39. Ne2 Qh4 40. Reg3 g6
41. Kh2 1/2-1/2

[Event "NB II. Breyer csoport"]
[Site "Naszaly"]
[Date "2024.05.12"]
[Round "9.8"]
[White "Vancsisin, Mark"]
[Black "Somos, Mate"]
[Result "1-0"]
[WhiteElo "1925"]
[BlackElo "1879"]
[PlyCount "71"]
[EventDate "2023.10.08"]
[EventType "team-tourn"]
[EventRounds "9"]
[EventCountry "HUN"]
[Source "chess.hu"]
[WhiteTeam "Geniusz Tata-Naszaly"]
[BlackTeam "Fehervar SE"]
[WhiteTeamCountry "HUN"]
[BlackTeamCountry "HUN"]

1. e4 e5 2. Nf3 Nc6 3. Bc4 Nf6 4. d3 Bc5 5. c3 d6 6. Bb3 a5 7. Nbd2 O-O 8. Nf1
Ng4 9. Ne3 Nxe3 10. Bxe3 Qf6 11. h3 Qg6 12. Nh4 Qf6 13. Qh5 Bxe3 14. fxe3 g6
15. Qh6 a4 16. Bd5 Be6 17. Rf1 Qe7 18. Nf5 Bxf5 19. exf5 Qf6 20. g4 Qg7 21. Qh4
g5 22. Qg3 Qf6 23. a3 Ra5 24. e4 Ne7 25. Ba2 c5 26. O-O-O Rd8 27. Rh1 d5 28. c4
Kf8 29. h4 Rd6 30. Kb1 h6 31. hxg5 Qxg5 32. Rh5 Qf6 33. Rdh1 Qg7 34. g5 f6 35.
Rxh6 Qxg5 36. Rh8+ 1-0

[Event "NB II. Breyer csoport"]
[Site "Naszaly"]
[Date "2024.05.12"]
[Round "9.9"]
[White "Rabi-Nagy, Daniel"]
[Black "Nagy, Ferenc"]
[Result "0-1"]
[WhiteElo "1840"]
[BlackElo "1945"]
[PlyCount "86"]
[EventDate "2023.10.08"]
[EventType "team-tourn"]
[EventRounds "9"]
[EventCountry "HUN"]
[Source "chess.hu"]
[WhiteTeam "Fehervar SE"]
[BlackTeam "Geniusz Tata-Naszaly"]
[WhiteTeamCountry "HUN"]
[BlackTeamCountry "HUN"]

1. e4 c6 2. d4 d5 3. Nc3 dxe4 4. Nxe4 Nf6 5. Nxf6+ exf6 6. Bf4 Bd6 7. Bg3 O-O
8. Bd3 Re8+ 9. Ne2 Bg4 10. f3 Bh5 11. Qd2 Bf8 12. O-O-O Nd7 13. c3 Bg6 14. Bxg6
fxg6 15. Rhe1 Qa5 16. Kb1 Nb6 17. Bc7 Qf5+ 18. Qc2 Qxc2+ 19. Kxc2 Nd5 20. Bf4
Re6 21. Bd2 Rae8 22. Ng3 Rxe1 23. Rxe1 Rxe1 24. Bxe1 Ne3+ 25. Kd2 Nxg2 26. Ne4
Nxe1 27. Kxe1 Kf7 28. Ke2 Ke6 29. Kd3 h6 30. Nc5+ Bxc5 31. dxc5 Ke5 32. b4 f5
33. a4 a6 34. a5 g5 35. c4 h5 36. b5 g4 37. Ke3 g5 38. h4 gxh4 39. f4+ Ke6 40.
Kf2 cxb5 41. cxb5 Kd7 42. c6+ bxc6 43. bxa6 Kc7 0-1

[Event "NB II. Breyer csoport"]
[Site "Naszaly"]
[Date "2024.05.12"]
[Round "9.10"]
[White "Szobi, Geza"]
[Black "Kerekes, Laszlo Fulop"]
[Result "1-0"]
[WhiteElo "1904"]
[BlackElo "1727"]
[PlyCount "105"]
[EventDate "2023.10.08"]
[EventType "team-tourn"]
[EventRounds "9"]
[EventCountry "HUN"]
[Source "chess.hu"]
[WhiteTeam "Geniusz Tata-Naszaly"]
[BlackTeam "Fehervar SE"]
[WhiteTeamCountry "HUN"]
[BlackTeamCountry "HUN"]

1. b3 e5 2. Bb2 Nc6 3. e3 g6 4. Bb5 Bg7 5. Nf3 d6 6. O-O Nge7 7. d4 e4 8. Nfd2
d5 9. c4 f5 10. cxd5 Nxd5 11. Nc3 a6 12. Bc4 Nxc3 13. Bxc3 b5 14. Be2 Ne7 15.
Rc1 c6 16. Bb4 Nd5 17. Bc5 Bd7 18. Qc2 Qf6 19. Rfe1 h5 20. Bf1 g5 21. f3 exf3
22. Nxf3 g4 23. Ne5 Bh6 24. Qd3 h4 25. e4 Nf4 26. Qc2 g3 27. exf5 Nh3+ 28. gxh3
gxh2+ 29. Kh1 O-O-O 30. Nxd7 Rxd7 31. Qe4 Bxc1 32. Rxc1 Kb7 33. Bg2 Rc8 34.
Kxh2 Rg7 35. Re1 Rf7 36. d5 Qxf5 37. dxc6+ Kc7 38. Qxf5 Rxf5 39. Re7+ Kd8 40.
Rd7+ Ke8 41. b4 a5 42. a3 a4 43. Be4 Rg5 44. Bd5 Rf5 45. Be6 Rf3 46. Re7+ Kd8
47. Bxc8 Kxc8 48. Bb6 Rf8 49. Kg2 Kb8 50. Rb7+ Kc8 51. Bf2 Rf6 52. Rxb5 Rxc6
53. Rc5 1-0

[Event "NB II. Breyer csoport"]
[Site "Esztergom"]
[Date "2024.05.12"]
[Round "9.1"]
[White "Berta, Sandor"]
[Black "Szabo, Marton Mihaly"]
[Result "1/2-1/2"]
[WhiteElo "2063"]
[BlackElo "2290"]
[PlyCount "41"]
[EventDate "2023.10.08"]
[EventType "team-tourn"]
[EventRounds "9"]
[EventCountry "HUN"]
[Source "chess.hu"]
[WhiteTeam "MTK Budapest II."]
[BlackTeam "Esztergomi SC"]
[WhiteTeamCountry "HUN"]
[BlackTeamCountry "HUN"]

1. d4 Nf6 2. Bf4 e6 3. Nf3 b6 4. e3 Bb7 5. Bd3 Be7 6. Nbd2 Nh5 7. Bg3 d6 8. Qe2
Nd7 9. c3 c5 10. Nc4 Nxg3 11. hxg3 h6 12. g4 Qc7 13. g5 O-O-O 14. gxh6 f5 15.
O-O-O g5 16. Na3 d5 17. Nb5 Qb8 18. dxc5 Nxc5 19. Nbd4 g4 20. Nh4 Bxh4 21. Rxh4
1/2-1/2

[Event "NB II. Breyer csoport"]
[Site "Esztergom"]
[Date "2024.05.12"]
[Round "9.2"]
[White "Ress, Tamas"]
[Black "Molnar, Jozsef"]
[Result "1-0"]
[WhiteElo "2225"]
[BlackElo "2038"]
[PlyCount "71"]
[EventDate "2023.10.08"]
[EventType "team-tourn"]
[EventRounds "9"]
[EventCountry "HUN"]
[Source "chess.hu"]
[WhiteTeam "Esztergomi SC"]
[BlackTeam "MTK Budapest II."]
[WhiteTeamCountry "HUN"]
[BlackTeamCountry "HUN"]

1. f4 Nf6 2. Nf3 g6 3. g3 Bg7 4. Bg2 c5 5. Nc3 d5 6. d3 d4 7. Ne4 Nd5 8. Nxc5
Qa5+ 9. c3 Qxc5 10. cxd4 Qb4+ 11. Bd2 Qxb2 12. Rb1 Qxa2 13. O-O O-O 14. e4 Nb6
15. Bc3 Qa4 16. Qd2 Bg4 17. Ne5 Bxe5 18. dxe5 Nc6 19. h3 Bc8 20. Ra1 Qb3 21.
Rfb1 Qe6 22. Rxb6 axb6 23. Rxa8 Rd8 24. d4 Qc4 25. d5 Na5 26. f5 Nb3 27. Qe3
Qc5 28. Kf2 Kf8 29. e6 Kg8 30. Qxc5 Nxc5 31. Ke3 Kf8 32. g4 fxe6 33. fxe6 Ke8
34. Bf1 Kf8 35. Bb5 Kg8 36. d6 1-0

[Event "NB II. Breyer csoport"]
[Site "Esztergom"]
[Date "2024.05.12"]
[Round "9.3"]
[White "Thierry, Edvard"]
[Black "Szucs, Vladimir"]
[Result "1-0"]
[WhiteElo "1983"]
[BlackElo "2142"]
[PlyCount "75"]
[EventDate "2023.10.08"]
[EventType "team-tourn"]
[EventRounds "9"]
[EventCountry "HUN"]
[Source "chess.hu"]
[WhiteTeam "MTK Budapest II."]
[BlackTeam "Esztergomi SC"]
[WhiteTeamCountry "HUN"]
[BlackTeamCountry "HUN"]

1. d4 d5 2. Bf4 Nf6 3. e3 c5 4. Nc3 a6 5. Nf3 e6 6. a3 c4 7. b4 b5 8. Ne5 Bb7
9. g4 Nc6 10. Qf3 Nxb4 11. Kd1 Nc6 12. Bg5 Be7 13. Bxf6 Bxf6 14. Nxf7 Kxf7 15.
g5 Re8 16. Rg1 g6 17. Ne2 Kg7 18. gxf6+ Qxf6 19. Nf4 Kg8 20. Qh5 Ne7 21. Bh3
Bc8 22. Ke2 Rf8 23. Rg2 Rf7 24. Rag1 Rg7 25. Qh6 Nf5 26. Bxf5 Qxf5 27. Kd2 Raa7
28. Rg5 Qf8 29. h4 Raf7 30. Re5 Qxa3 31. h5 Qb4+ 32. Ke2 Qc3 33. hxg6 Qxc2+ 34.
Kf1 hxg6 35. Reg5 Rf6 36. Rxg6 Qb1+ 37. Ke2 Qxg1 38. Qxg7# 1-0

[Event "NB II. Breyer csoport"]
[Site "Esztergom"]
[Date "2024.05.12"]
[Round "9.4"]
[White "Balogh, Peter"]
[Black "Yip, Michael"]
[Result "1/2-1/2"]
[WhiteElo "2041"]
[BlackElo "1866"]
[PlyCount "56"]
[EventDate "2023.10.08"]
[EventType "team-tourn"]
[EventRounds "9"]
[EventCountry "HUN"]
[Source "chess.hu"]
[WhiteTeam "Esztergomi SC"]
[BlackTeam "MTK Budapest II."]
[WhiteTeamCountry "HUN"]
[BlackTeamCountry "HUN"]

1. e4 d5 2. exd5 Qxd5 3. Nc3 Qd6 4. d4 Nf6 5. Bc4 c6 6. h3 e6 7. Nf3 Be7 8. Qe2
O-O 9. Bg5 Nbd7 10. O-O-O Re8 11. Kb1 Qc7 12. Rhe1 Nf8 13. Ne5 b5 14. Bd3 Bb7
15. Bxf6 Bxf6 16. f4 a6 17. Ne4 Rad8 18. Nxf6+ gxf6 19. Ng4 Kg7 20. Qf2 f5 21.
Ne3 Ng6 22. g4 Qxf4 23. Qd2 Kh8 24. Rf1 Qxd4 25. gxf5 Nf4 26. fxe6 fxe6 27. Nf5
exf5 28. Rxf4 Qe5 1/2-1/2

[Event "NB II. Breyer csoport"]
[Site "Esztergom"]
[Date "2024.05.12"]
[Round "9.5"]
[White "Boros, Krisztian Levente"]
[Black "Nemeth, Eugen"]
[Result "1-0"]
[WhiteElo "2065"]
[BlackElo "2043"]
[PlyCount "137"]
[EventDate "2023.10.08"]
[EventType "team-tourn"]
[EventRounds "9"]
[EventCountry "HUN"]
[Source "chess.hu"]
[WhiteTeam "MTK Budapest II."]
[BlackTeam "Esztergomi SC"]
[WhiteTeamCountry "HUN"]
[BlackTeamCountry "HUN"]

1. e4 c5 2. Nf3 d6 3. d4 cxd4 4. Nxd4 Nf6 5. Nc3 g6 6. f3 Bg7 7. Be3 O-O 8. Qd2
Nc6 9. O-O-O d5 10. exd5 Nxd5 11. Nxc6 bxc6 12. Bd4 Bxd4 13. Qxd4 Qb6 14. Na4
Qc7 15. Bc4 Bf5 16. g4 Be6 17. Nc5 Rad8 18. Rhe1 Nb6 19. Nxe6 Rxd4 20. Nxc7
Rxd1+ 21. Rxd1 Nxc4 22. Rd7 Ne5 23. Rxe7 Nxf3 24. h3 g5 25. c3 Rd8 26. Na6 Ng1
27. Rxa7 h5 28. Nb4 h4 29. Nxc6 Re8 30. Ne7+ Kf8 31. Nf5 Nxh3 32. Nh6 Re1+ 33.
Kd2 Rf1 34. Nf5 Ke8 35. Re7+ Kf8 36. Ra7 Ke8 37. a4 Ng1 38. Ra8+ Kd7 39. Rh8
Ra1 40. b3 h3 41. Ke3 Rf1 42. Nd4 f5 43. Nxf5 Rf3+ 44. Kd2 Rf2+ 45. Ke1 Rc2 46.
Rh7+ Kc8 47. Nd4 Rxc3 48. Kf2 Rd3 49. Kxg1 Rxd4 50. Rxh3 Rxg4+ 51. Kf2 Kb7 52.
Rg3 Rb4 53. Ke2 Kb6 54. Kd2 g4 55. Kc3 Ka5 56. Re3 Rf4 57. Re5+ Kb6 58. a5+ Ka6
59. b4 g3 60. Rg5 Rf3+ 61. Kc4 Re3 62. Rg6+ Kb7 63. a6+ Kc7 64. b5 Re4+ 65. Kd5
Rb4 66. Kc5 Rb3 67. Rg7+ Kb8 68. Kb6 Rc3 69. Rg8+ 1-0

[Event "NB II. Breyer csoport"]
[Site "Esztergom"]
[Date "2024.05.12"]
[Round "9.6"]
[White "Kiss, Laszlo"]
[Black "Fekete, Martin"]
[Result "1/2-1/2"]
[WhiteElo "1995"]
[BlackElo "1932"]
[PlyCount "24"]
[EventDate "2023.10.08"]
[EventType "team-tourn"]
[EventRounds "9"]
[EventCountry "HUN"]
[Source "chess.hu"]
[WhiteTeam "Esztergomi SC"]
[BlackTeam "MTK Budapest II."]
[WhiteTeamCountry "HUN"]
[BlackTeamCountry "HUN"]

1. Nf3 Nf6 2. c4 e6 3. Nc3 d5 4. cxd5 exd5 5. d4 c6 6. Bf4 Be7 7. e3 Bg4 8. Bd3
Nbd7 9. h3 Bxf3 10. Qxf3 O-O 11. O-O Re8 12. Rfe1 Nf8 1/2-1/2

[Event "NB II. Breyer csoport"]
[Site "Esztergom"]
[Date "2024.05.12"]
[Round "9.7"]
[White "Toth, Rafael"]
[Black "Petervari, Szabolcs"]
[Result "0-1"]
[WhiteElo "1854"]
[BlackElo "1984"]
[PlyCount "130"]
[EventDate "2023.10.08"]
[EventType "team-tourn"]
[EventRounds "9"]
[EventCountry "HUN"]
[Source "chess.hu"]
[WhiteTeam "MTK Budapest II."]
[BlackTeam "Esztergomi SC"]
[WhiteTeamCountry "HUN"]
[BlackTeamCountry "HUN"]

1. e4 e6 2. d4 b6 3. Nf3 Bb7 4. Bd3 d6 5. c4 Nd7 6. O-O h6 7. b3 g5 8. Bb2 g4
9. Ne1 h5 10. Nc2 Nh6 11. d5 e5 12. f4 Bg7 13. Ne3 Rg8 14. fxe5 Bxe5 15. Bxe5
Nxe5 16. Nc3 Qg5 17. Qe2 Nf3+ 18. Rxf3 gxf3 19. Qxf3 Ng4 20. Nxg4 hxg4 21. Qg3
O-O-O 22. Nb5 a6 23. Nd4 Kb8 24. Rf1 Rdf8 25. Rf4 Bc8 26. Be2 Re8 27. Rxf7 Rxe4
28. Nc6+ Kb7 29. Bf1 Qe3+ 30. Qxe3 Rxe3 31. Kf2 Rc3 32. Nd4 Rh8 33. Ne6 Bxe6
34. dxe6 Re8 35. e7 Kc6 36. Be2 d5 37. cxd5+ Kxd5 38. Bxg4 Kd6 39. h4 Rxe7 40.
Rxe7 Kxe7 41. Bf5 Kf6 42. Be4 b5 43. g3 b4 44. Kg2 Re3 45. Bf3 Rd3 46. g4 Rd2+
47. Kg3 Rxa2 48. g5+ Kg7 49. h5 Ra3 50. Bd5 Ra5 51. h6+ Kh8 52. Bc4 Rxg5+ 53.
Kh4 Rc5 54. Bxa6 Rc6 55. Bb5 Rxh6+ 56. Kg4 Rb6 57. Bc4 Rf6 58. Bd5 Kg7 59. Bc4
Kf8 60. Kg5 Ke7 61. Bd5 Rf8 62. Kg4 Kd6 63. Bc4 Ke5 64. Kg5 c5 65. Kg4 Rf4+ 0-1

[Event "NB II. Breyer csoport"]
[Site "Esztergom"]
[Date "2024.05.12"]
[Round "9.8"]
[White "Szabo, Lajos"]
[Black "Gondor, Jakab"]
[Result "1/2-1/2"]
[WhiteElo "1995"]
[BlackElo "1938"]
[PlyCount "52"]
[EventDate "2023.10.08"]
[EventType "team-tourn"]
[EventRounds "9"]
[EventCountry "HUN"]
[Source "chess.hu"]
[WhiteTeam "Esztergomi SC"]
[BlackTeam "MTK Budapest II."]
[WhiteTeamCountry "HUN"]
[BlackTeamCountry "HUN"]

1. c4 Nf6 2. Nc3 e6 3. Nf3 d5 4. d4 Be7 5. e3 O-O 6. Be2 Nbd7 7. O-O b6 8. Qc2
Bb7 9. b3 c5 10. dxc5 Nxc5 11. cxd5 exd5 12. Bb2 Rc8 13. Rac1 Nce4 14. Qb1 Bb4
15. Nb5 a6 16. Rxc8 Bxc8 17. Nbd4 Qd6 18. Rc1 Bb7 19. Qc2 Rb8 20. Nf5 Qd7 21.
Bxf6 Nxf6 22. Bd3 Rc8 23. Qb2 Rxc1+ 24. Qxc1 Ne4 25. N3d4 Bd6 26. Qc2 g6
1/2-1/2

[Event "NB II. Breyer csoport"]
[Site "Esztergom"]
[Date "2024.05.12"]
[Round "9.9"]
[White "Kardos, Samson"]
[Black "Zsitva, Norbert"]
[Result "0-1"]
[WhiteElo "1838"]
[BlackElo "1984"]
[PlyCount "63"]
[EventDate "2023.10.08"]
[EventType "team-tourn"]
[EventRounds "9"]
[EventCountry "HUN"]
[Source "chess.hu"]
[WhiteTeam "MTK Budapest II."]
[BlackTeam "Esztergomi SC"]
[WhiteTeamCountry "HUN"]
[BlackTeamCountry "HUN"]

1. e4 e5 2. Nf3 Nc6 3. Bb5 a6 4. Ba4 Nf6 5. O-O b5 6. Bb3 Be7 7. Re1 d6 8. d3
Bg4 9. Be3 Na5 10. Nbd2 O-O 11. c3 Nxb3 12. Qxb3 c5 13. Qc2 Qc7 14. Rac1 Rac8
15. a4 Bh5 16. Bg5 h6 17. Bxf6 Bxf6 18. b3 g5 19. Kh1 Kh7 20. c4 bxa4 21. bxa4
Qa5 22. h3 g4 23. Ng1 Bg5 24. Nb3 Qxa4 25. Ra1 Qd7 26. Rxa6 gxh3 27. Nxh3 Rg8
28. Rg1 Bg4 29. Nxg5+ Rxg5 30. Rga1 Bf3 31. Kg1 Qh3 32. Kf1 0-1

[Event "NB II. Breyer csoport"]
[Site "Esztergom"]
[Date "2024.05.12"]
[Round "9.10"]
[White "Kovacs, Geza"]
[Black "Kiss, Inez"]
[Result "1-0"]
[WhiteElo "1970"]
[BlackElo "1853"]
[PlyCount "75"]
[EventDate "2023.10.08"]
[EventType "team-tourn"]
[EventRounds "9"]
[EventCountry "HUN"]
[Source "chess.hu"]
[WhiteTeam "Esztergomi SC"]
[BlackTeam "MTK Budapest II."]
[WhiteTeamCountry "HUN"]
[BlackTeamCountry "HUN"]

1. e4 c6 2. e5 d5 3. exd6 exd6 4. d4 d5 5. h3 Nf6 6. Nf3 Bd6 7. Bd3 O-O 8. O-O
Re8 9. Bg5 h6 10. Bh4 g5 11. Bg3 Bxg3 12. fxg3 Nbd7 13. Nh2 Qb6 14. Nd2 Qxd4+
15. Kh1 Ne4 16. Bxe4 dxe4 17. Qh5 Qg7 18. Ng4 Re6 19. Nxe4 Qg6 20. Nxh6+ Qxh6
21. Qxf7+ Kh8 22. Nxg5 Rf6 23. Qe8+ Kg7 24. Ne6+ Kh7 25. Qe7+ Kg8 26. Nc7 Rb8
27. Ne8 Re6 28. Qf7+ Kh8 29. Rae1 Ne5 30. Qc7 Nd7 31. Qd8 Rxe1 32. Rxe1 Nf8 33.
Re4 Bxh3 34. Qxb8 Bxg2+ 35. Kxg2 Qd2+ 36. Kh3 Qd7+ 37. Rg4 Qf5 38. Qf4 1-0

[Event "NB II. Breyer csoport"]
[Site "Esztergom"]
[Date "2024.05.12"]
[Round "9.11"]
[White "Shen, Yiyun"]
[Black "Fekete, Laszlo"]
[Result "1/2-1/2"]
[WhiteElo "1688"]
[BlackElo "1883"]
[PlyCount "25"]
[EventDate "2023.10.08"]
[EventType "team-tourn"]
[EventRounds "9"]
[EventCountry "HUN"]
[Source "chess.hu"]
[WhiteTeam "MTK Budapest II."]
[BlackTeam "Esztergomi SC"]
[WhiteTeamCountry "HUN"]
[BlackTeamCountry "HUN"]

1. d4 Nf6 2. Bg5 d5 3. e3 e6 4. c4 h6 5. Bh4 Be7 6. cxd5 exd5 7. Nc3 O-O 8. Bd3
c6 9. Nge2 Re8 10. O-O Nbd7 11. Bg3 Nf8 12. Rc1 Bd6 13. Na4 1/2-1/2

[Event "NB II. Breyer csoport"]
[Site "Esztergom"]
[Date "2024.05.12"]
[Round "9.12"]
[White "Marosvari, Gergo"]
[Black "Kiss, Villo"]
[Result "1-0"]
[WhiteElo "1790"]
[BlackElo "1464"]
[PlyCount "47"]
[EventDate "2023.10.08"]
[EventType "team-tourn"]
[EventRounds "9"]
[EventCountry "HUN"]
[Source "chess.hu"]
[WhiteTeam "Esztergomi SC"]
[BlackTeam "MTK Budapest II."]
[WhiteTeamCountry "HUN"]
[BlackTeamCountry "HUN"]

1. d4 Nf6 2. Nf3 d5 3. Bf4 g6 4. e3 Bg7 5. c4 c5 6. Nc3 O-O 7. Qb3 dxc4 8. Bxc4
Nh5 9. Be5 Nf6 10. Nd5 Nxd5 11. Bxd5 Nc6 12. Bxg7 Kxg7 13. Bxc6 bxc6 14. Qc3
cxd4 15. Nxd4 Kg8 16. Nxc6 Qc7 17. O-O Ba6 18. Rfc1 Rac8 19. Nb4 Qxc3 20. Rxc3
Rxc3 21. bxc3 Bb5 22. a4 a5 23. Nd5 Bc6 24. Nxe7+ 1-0

[Event "NB II. Breyer csoport"]
[Site "Budapest"]
[Date "2024.05.12"]
[Round "9.1"]
[White "Jakab, Bela"]
[Black "Orgovan, Sandor"]
[Result "1-0"]
[WhiteElo "2381"]
[BlackElo "2139"]
[PlyCount "111"]
[EventDate "2023.10.08"]
[EventType "team-tourn"]
[EventRounds "9"]
[EventCountry "HUN"]
[Source "chess.hu"]
[WhiteTeam "Tatabanyai SC"]
[BlackTeam "Varosgazda Akademia"]
[WhiteTeamCountry "HUN"]
[BlackTeamCountry "HUN"]

1. e4 c5 2. c3 d6 3. d4 Nf6 4. Bd3 g6 5. Nf3 Bg7 6. O-O O-O 7. h3 Nc6 8. d5 Ne5
9. Nxe5 dxe5 10. Be3 b6 11. a4 c4 12. Bxc4 Nxe4 13. Nd2 Nd6 14. Ba2 Nf5 15. b4
Kh8 16. Rc1 Bb7 17. c4 e6 18. Ne4 exd5 19. cxd5 Nxe3 20. fxe3 f5 21. Nf2 e4 22.
Qb3 Qd6 23. Rc2 Rac8 24. Rfc1 Rxc2 25. Rxc2 Rd8 26. b5 Be5 27. Rd2 Kg7 28. Rd1
Rc8 29. Qb1 Rc3 30. Re1 g5 31. Nd1 Rc7 32. Nf2 Bf6 33. Rc1 Rxc1+ 34. Qxc1 Be5
35. Qc4 Kf6 36. g4 Qc5 37. Qe2 Bxd5 38. gxf5 Kxf5 39. Qg4+ Kg6 40. Bxd5 Qxd5
41. Nxe4 h6 42. h4 Bf6 43. Qh5+ Kg7 44. Nxf6 Kxf6 45. Qxh6+ Kf7 46. Qh5+ Kf8
47. Qxg5 Qd1+ 48. Kf2 Qd2+ 49. Kg3 Qe1+ 50. Kf4 Qb4+ 51. Kf3 Qe1 52. Qf4+ Ke7
53. Kg4 Qd1+ 54. Kf5 Qd7+ 55. Kg6 Qd3+ 56. e4 1-0

[Event "NB II. Breyer csoport"]
[Site "Budapest"]
[Date "2024.05.12"]
[Round "9.2"]
[White "Botos, Ferenc"]
[Black "Farkas, Gyula"]
[Result "1/2-1/2"]
[WhiteElo "2173"]
[BlackElo "2103"]
[PlyCount "129"]
[EventDate "2023.10.08"]
[EventType "team-tourn"]
[EventRounds "9"]
[EventCountry "HUN"]
[Source "chess.hu"]
[WhiteTeam "Varosgazda Akademia"]
[BlackTeam "Tatabanyai SC"]
[WhiteTeamCountry "HUN"]
[BlackTeamCountry "HUN"]

1. d4 d5 2. Nf3 Nf6 3. g3 c6 4. Bg2 Bf5 5. O-O Qc8 6. Re1 Bh3 7. Bh1 h6 8. Nbd2
Nbd7 9. c3 e6 10. e4 dxe4 11. Nxe4 Nxe4 12. Rxe4 Bf5 13. Re1 Be7 14. Ne5 Nxe5
15. dxe5 Qc7 16. Be3 O-O 17. Qb3 Rfd8 18. Rad1 b6 19. Qa4 Rac8 20. Rxd8+ Bxd8
21. g4 Bd3 22. f4 Be7 23. Bf3 c5 24. c4 Rd8 25. Rd1 g5 26. Qb3 Bg6 27. Rxd8+
Qxd8 28. Qc3 Qd3 29. fxg5 Bxg5 30. Bxg5 hxg5 31. Kf2 Qxc3 32. bxc3 Bb1 33. a3
Kg7 34. Ke3 f6 35. exf6+ Kxf6 36. Bg2 Ke5 37. Bf3 Bc2 38. Be2 Bb3 39. Kf3 Ba4
40. Ke3 Bc6 41. Bd1 a6 42. Be2 b5 43. Bf1 Kd6 44. Be2 Bd7 45. Ke4 Bc6+ 46. Ke3
Ke5 47. Bf1 bxc4 48. Be2 Bb5 49. Bf1 a5 50. Be2 Kd5 51. Bf3+ Kd6 52. Be2 Ke5
53. Bd1 Bc6 54. Bc2 Bg2 55. Bd1 Bf1 56. Bc2 Bd3 57. Bd1 Kd6 58. Ba4 Ke5 59. Bd1
Be4 60. Be2 Kd5 61. Bd1 Bg2 62. Be2 Be4 63. Bd1 Ke5 64. Be2 Bd3 65. Bd1 1/2-1/2

[Event "NB II. Breyer csoport"]
[Site "Budapest"]
[Date "2024.05.12"]
[Round "9.3"]
[White "Simonics, Peter"]
[Black "Horvath, Gabor"]
[Result "1-0"]
[WhiteElo "2094"]
[BlackElo "2153"]
[PlyCount "109"]
[EventDate "2023.10.08"]
[EventType "team-tourn"]
[EventRounds "9"]
[EventCountry "HUN"]
[Source "chess.hu"]
[WhiteTeam "Tatabanyai SC"]
[BlackTeam "Varosgazda Akademia"]
[WhiteTeamCountry "HUN"]
[BlackTeamCountry "HUN"]

1. d4 Nf6 2. c4 g6 3. Nc3 Bg7 4. g3 O-O 5. Bg2 d6 6. Nf3 Nbd7 7. O-O e5 8. e4
exd4 9. Nxd4 a5 10. h3 Nc5 11. Bg5 c6 12. Qd2 Re8 13. Rfe1 a4 14. Rad1 Qb6 15.
Re2 Nfd7 16. Bh6 Ne5 17. Bxg7 Kxg7 18. Nf5+ gxf5 19. Qg5+ Ng6 20. exf5 Rxe2 21.
Nxe2 Qxb2 22. Nf4 Bxf5 23. Nh5+ Kh8 24. Qxf5 Qe5 25. Qf3 f5 26. h4 Rg8 27. Kf1
Rf8 28. Nf4 Nxf4 29. gxf4 Qf6 30. Qe3 Rg8 31. h5 Qg7 32. Bf3 Qf6 33. Re1 h6 34.
Rd1 Kh7 35. Qd2 Rd8 36. Re1 Qf7 37. Qd4 Rd7 38. Re2 Qg7 39. Qd2 Qf7 40. Qd4 Qg7
41. Qd2 d5 42. cxd5 cxd5 43. Re5 Ne4 44. Bxe4 dxe4 45. Rd5 Rc7 46. Rd6 Qa1+ 47.
Ke2 Rg7 48. Ke3 Qh1 49. Kd4 Qxh5 50. Kc5 Qe8 51. Kb4 Re7 52. Qd4 Qf7 53. Rd8 a3
54. Qh8+ Kg6 55. Rg8+ 1-0

[Event "NB II. Breyer csoport"]
[Site "Budapest"]
[Date "2024.05.12"]
[Round "9.4"]
[White "Zanaty, Zsolt"]
[Black "Gaspar, David"]
[Result "1/2-1/2"]
[WhiteElo "2120"]
[BlackElo "2040"]
[PlyCount "28"]
[EventDate "2023.10.08"]
[EventType "team-tourn"]
[EventRounds "9"]
[EventCountry "HUN"]
[Source "chess.hu"]
[WhiteTeam "Varosgazda Akademia"]
[BlackTeam "Tatabanyai SC"]
[WhiteTeamCountry "HUN"]
[BlackTeamCountry "HUN"]

1. d4 d5 2. c4 e6 3. Nc3 Bb4 4. Qb3 Nc6 5. e3 Nf6 6. Nf3 O-O 7. cxd5 exd5 8.
Be2 Bf5 9. O-O Rb8 10. Rd1 h6 11. Bd2 a6 12. Ne5 Qd6 13. a3 Bxc3 14. Bxc3 Ne4
1/2-1/2

[Event "NB II. Breyer csoport"]
[Site "Budapest"]
[Date "2024.05.12"]
[Round "9.5"]
[White "Joba, Arpad"]
[Black "Gombocz, Zsolt"]
[Result "1-0"]
[WhiteElo "2090"]
[BlackElo "1988"]
[PlyCount "71"]
[EventDate "2023.10.08"]
[EventType "team-tourn"]
[EventRounds "9"]
[EventCountry "HUN"]
[Source "chess.hu"]
[WhiteTeam "Tatabanyai SC"]
[BlackTeam "Varosgazda Akademia"]
[WhiteTeamCountry "HUN"]
[BlackTeamCountry "HUN"]

1. e4 Nf6 2. Nc3 d5 3. exd5 Nxd5 4. Nxd5 Qxd5 5. Qf3 e6 6. Qxd5 exd5 7. d4 Bf5
8. Bf4 c6 9. O-O-O f6 10. f3 Bb4 11. c3 Be7 12. Re1 Kf7 13. g4 Bg6 14. h4 h6
15. Bh3 Rd8 16. g5 Bd6 17. Be6+ Kf8 18. Bxd6+ Rxd6 19. gxh6 gxh6 20. Bc8 Nd7
21. Bxd7 Rxd7 22. Nh3 Re8 23. Nf4 Bf7 24. Rxe8+ Kxe8 25. Re1+ Re7 26. Rxe7+
Kxe7 27. b4 Kd6 28. Kd2 Be6 29. Ke3 Bf7 30. a3 b6 31. Kf2 h5 32. Ke3 a6 33. Ne2
Bg6 34. Ng3 Ke6 35. f4 Bf5 36. Nxh5 1-0

[Event "NB II. Breyer csoport"]
[Site "Budapest"]
[Date "2024.05.12"]
[Round "9.6"]
[White "Botlik, Bela"]
[Black "Sike, Tamas"]
[Result "0-1"]
[WhiteElo "1996"]
[BlackElo "2044"]
[PlyCount "74"]
[EventDate "2023.10.08"]
[EventType "team-tourn"]
[EventRounds "9"]
[EventCountry "HUN"]
[Source "chess.hu"]
[WhiteTeam "Varosgazda Akademia"]
[BlackTeam "Tatabanyai SC"]
[WhiteTeamCountry "HUN"]
[BlackTeamCountry "HUN"]

1. d4 Nf6 2. Nc3 d5 3. Bf4 a6 4. Qd2 e6 5. f3 b5 6. a3 Bb7 7. g4 Nbd7 8. e3 Nb6
9. Bxb5+ axb5 10. Nxb5 Rc8 11. Na7 Rb8 12. Nb5 Bd6 13. Nxd6+ cxd6 14. Qb4 Ke7
15. Ne2 Ba6 16. Qa5 Bxe2 17. Kxe2 Qc7 18. Rhb1 Qxc2+ 19. Ke1 Qa4 20. Qxa4 Nxa4
21. b3 Nc3 22. Rb2 Nb5 23. a4 Na7 24. Rc1 Rhc8 25. Rxc8 Nxc8 26. Kd2 Nb6 27.
Kc3 Ne8 28. Bg3 Nc7 29. Be1 Na6 30. Kc2 e5 31. Ba5 g6 32. g5 Ke6 33. Rb1 Kf5
34. b4 Nc4 35. b5 Na3+ 36. Kc1 Nxb1 37. Kxb1 Rb7 0-1